| 000 | 00648cam a22001817a 4500 | ||
|---|---|---|---|
| 008 | 180718b2002 xxu||||| |||| 00| 0 eng d | ||
| 082 | _aO96x4 R689 | ||
| 100 | _aRokx, Claudia | ||
| 245 |
_aProspects for improving nutrition in eatern Europe and central Asia _cby Claudia Rokx, Rae Galloway and Lynn Brown |
||
| 260 |
_aWashington, D.C. _bWorld Bank _c2002 |
||
| 300 | _a133p. | ||
| 440 | _aHealth, nutrition, and population series | ||
| 650 | _aNutrition policy - Asia,Central | ||
| 650 | _aNutrition policy - Europe, Eastern | ||
| 650 | _aMalnutrition - Asia, Central | ||
| 650 | _aMalnutrition - Europe, Eastern | ||
| 700 | _aGalloway, Lynn | ||
| 999 |
_c287570 _d287570 |
||